Историко-этнографический атлас Прибалтики : (Record no. 369836)
[ view plain ]
| 000 -LEADER | |
|---|---|
| fixed length control field | 01287nam a2200253 a 4500 |
| 001 - CONTROL NUMBER | |
| control field | 001155918 |
| 003 - CONTROL NUMBER IDENTIFIER | |
| control field | AM-YeHGA |
| 005 - DATE AND TIME OF LATEST TRANSACTION | |
| control field | 20250617152402.0 |
| 008 - FIXED-LENGTH DATA ELEMENTS--GENERAL INFORMATION | |
| fixed length control field | 160609s1986 ||| r 000 0 rus d |
| 040 ## - CATALOGING SOURCE | |
| Original cataloging agency | AM-YeHGA |
| 041 0# - LANGUAGE CODE | |
| Language code of text/sound track or separate title | rus |
| 090 ## - LOCALLY ASSIGNED LC-TYPE CALL NUMBER (OCLC); LOCAL CALL NUMBER (RLIN) | |
| -- | 371709 |
| 245 00 - TITLE STATEMENT | |
| Title | Историко-этнографический атлас Прибалтики : |
| Remainder of title | Одежда / |
| Statement of responsibility, etc. | С.И. Брук и др.; Ин-т этнографии им. Н.Н. Миклухо-Маклая АН СССР, Ин-т истории АН ЛитССР, Ин-т истории АН ЛатвССР, Ин-т истории АН ЭССР, Гос. этногр. музей ЭССР. |
| 260 ## - PUBLICATION, DISTRIBUTION, ETC. | |
| Place of publication, distribution, etc. | Рига : |
| Name of publisher, distributor, etc. | Зинатне, |
| Date of publication, distribution, etc. | 1986. |
| 300 ## - PHYSICAL DESCRIPTION | |
| Extent | 173 с. : |
| Other physical details | ил. |
| Accompanying material | Карты (70 л. в обертке) |
| 504 ## - BIBLIOGRAPHY, ETC. NOTE | |
| Bibliography, etc. note | Библиогр.: с. 168-171 |
| 653 0# - INDEX TERM--UNCONTROLLED | |
| Uncontrolled term | Народы Прибалтики - Атласы |
| 653 0# - INDEX TERM--UNCONTROLLED | |
| Uncontrolled term | Одежда - Прибалтика |
| 700 1# - ADDED ENTRY--PERSONAL NAME | |
| Personal name | Брук, Соломон Ильич |
| 710 2# - ADDED ENTRY--CORPORATE NAME | |
| Corporate name or jurisdiction name as entry element | Институт этнографии им. Н.Н. Миклухо-Маклая АН СССР |
| 710 2# - ADDED ENTRY--CORPORATE NAME | |
| Corporate name or jurisdiction name as entry element | Институт истории АН ЛитССР |
| 710 2# - ADDED ENTRY--CORPORATE NAME | |
| Corporate name or jurisdiction name as entry element | Институт истории АН ЛатвССР |
| 710 2# - ADDED ENTRY--CORPORATE NAME | |
| Corporate name or jurisdiction name as entry element | Институт истории АН ЭССР |
| Withdrawn status | Lost status | Damaged status | Not for loan | Collection | Home library | Current library | Date acquired | Total checkouts | Full call number | Barcode | Date last seen | Price effective from | Koha item type | Public note |
|---|---|---|---|---|---|---|---|---|---|---|---|---|---|---|
| General | Fundamental Scientific Library | Fundamental Scientific Library | 11/01/2017 | PIII/55332 | FL0406894 | 11/01/2017 | 11/01/2017 | Գրքեր / Books | 30 Days Loan | |||||
| General | Fundamental Scientific Library | Fundamental Scientific Library | 11/01/2017 | PIII/55656 | FL0407413 | 11/01/2017 | 11/01/2017 | Գրքեր / Books | 30 Days Loan | |||||
| General | Fundamental Scientific Library | Fundamental Scientific Library | 11/01/2017 | PIII/56918 | FL0409844 | 11/01/2017 | 11/01/2017 | Գրքեր / Books | 30 Days Loan |
ՀՀ Գիտությունների ազգային ակադեմիայի հիմնարար գիտական գրադարան = Fundamental Scientific Library of NAS RA
All site content, except where otherwise noted, is licensed under a